000 00455pab a2200169 454500
008 180718b2001 xxu||||| |||| 00| 0 eng d
100 _aMizruchi, Mark S.
245 _aGetting deals done: the use of social networks in bank decision making
260 _c2001
300 _ap.647-71
362 _aOct
650 _aDecision making
650 _aBanks
700 _aStearns, Linda Brewster
773 _aAmerican Sociological Review
909 _a50947
999 _c50947
_d50947